| 000 | 01600cam a2200493 4500 | ||
|---|---|---|---|
| 001 | ##J126707 | ||
| 008 | 000000n2004 000 0 eng u | ||
| 035 | _a(Sirsi) u126707 | ||
| 050 |
_a338.4369094 _c18 |
||
| 110 | 2 | 0 |
_aEuroconstruct _bConference _n(57th : _d2004 _cStockholm) _94827 |
| 245 | 0 | 0 |
_a57th Euroconstruct Conference, Stockholm, Sweden _bthe outlook for the European construction sector 2004-2006 |
| 260 |
_aStockholm _bPrognoscentret _c2004 |
||
| 300 |
_a2 _fv. _c30cm. |
||
| 350 | _a775 | ||
| 505 | 2 | _aCountry reports: western European countries; eastern European countries | |
| 505 | 2 | _aSummary report: the outlook for the European construction sector 2004-2006; The decision making process in the European building markets - a future shaped by random or choice? | |
| 520 | _aSummary report: the outlook for the European construction sector 2004-2006; Promoting social cohesion and sustainable development | ||
| 650 | 2 | _aAUSTRIA | |
| 650 | 2 | _aBELGIUM | |
| 650 | 2 | _aCZECH REPUBLIC | |
| 650 | 2 | _aDENMARK | |
| 650 | 2 | _aEIRE | |
| 650 | 2 | _aEUROPE | |
| 650 | 2 | _aFINLAND | |
| 650 | 2 | _aFRANCE | |
| 650 | 2 | _aGERMANY | |
| 650 | 2 | _aHUNGARY | |
| 650 | 2 | _aITALY | |
| 650 | 2 | _aNETHERLANDS | |
| 650 | 2 | _aNORWAY | |
| 650 | 2 | _aPOLAND | |
| 650 | 2 | _aPORTUGAL | |
| 650 | 2 | _aSLOVAK REPUBLIC | |
| 650 | 2 | _aSPAIN | |
| 650 | 2 | _aSWITZERLAND | |
| 650 | 2 | _aUNITED KINGDOM | |
| 650 | 2 | _aSTATISTICS | |
| 650 | 2 | _aECONOMIC ISSUES | |
| 650 | 2 | _aHOUSING | |
| 650 | 2 | _aEUROCONSTRUCT | |
| 690 | _aBUILT ENVIRONMENT | ||
| 710 | 2 |
_aPrognoscentret AB _94828 |
|
| 942 | _n0 | ||
| 999 |
_c103638 _d103638 |
||